Stanford journal of law, business & finance

Detalles Bibliográficos
Autor Corporativo: Stanford University. School of Law
Formato: Seriadas
Lenguaje:inglés
Publicado: Stanford, CA : Stanford Law School, 1994-
Materias:
Acceso en línea:Acceso restringido

MARC

LEADER 00000nas a2200000 a 4500
005 20110922124321.0
007 cr |||||||||||
008 060711c19949999xxu|||||s ||| 0 ||eng|c
022 |a 1078-8794 (versi ̤paper) 
035 |a 4048 
040 |d vLex 
090 |c 2530  |d 2530 
245 0 0 |a Stanford journal of law, business & finance  |h [Recurso electrn̤ico] 
256 |a Servicio en ln̕ea. 
260 |a Stanford, CA :  |b Stanford Law School,  |c 1994- 
300 |a 1 recurso electrn̤ico 
310 |a Semestral 
362 |a Nm︢. 1 (1994) - 
500 |a Descripcin̤ hecha a partir de: Vol. 1, no. 1 (Fall 1994) 
506 1 |a Contenido solo disponible en los productos indicados  |d vLex Global  |d vLex Global (Academic Edition, excluding Law Schools)  |d vLex Global (U.S. Academic Edition, excluding Law Schools) 
650 |a Derecho de negocios  |z Estados Unidos de Amřica  |x Revistas 
650 |a Derecho mercantil  |z Estados Unidos de Amřica  |x Revistas 
710 2 |a Stanford University.  |b School of Law 
740 0 |a vLex Revistas (Servicio en ln̕ea) 
856 4 0 |z Acceso restringido  |u http://vlex.com/source/stanford-journal-law-4048 
942 |c REV